Estudios literarios, estudios culturales centroamericanos /
Збережено в:
| Автор: | |
|---|---|
| Формат: | Невідомо |
| Мова: | Spanish |
| Теги: |
Додати тег
Немає тегів, Будьте першим, хто поставить тег для цього запису!
|
MARC
| LEADER | 00000 a2200000 4500 | ||
|---|---|---|---|
| 008 | 161007c2016 es ||||| |||| 00| 0 spa d | ||
| 022 | |a 1012-5515 | ||
| 040 | |a CIICLA - UCR | ||
| 100 | 1 | |a Leyva, Héctor M. | |
| 245 | 1 | 0 | |a Estudios literarios, estudios culturales centroamericanos / |c Héctor M. Leyva |
| 300 | |a 3-34 páginas | ||
| 773 | 0 | |d El Salvador: UCA, 2016. |t Realidad. Revista de Ciencias Sociales y Humanidades |g 3-34 páginas, número 145-146, Julio-Diciembre (2015) | |
| 942 | |2 ddc |c ARC | ||
| 999 | |c 6441 |d 6441 | ||
